Khrushchev and Stalin's ghost : (Record no. 25132)
[ view plain ]
| 000 -LEADER | |
|---|---|
| fixed length control field | 01162cam a2200349I 4500 |
| 001 - CONTROL NUMBER | |
| control field | 25132 |
| 003 - CONTROL NUMBER IDENTIFIER | |
| rucl marc code | BD-RJUL |
| 005 - DATE AND TIME OF LATEST TRANSACTION | |
| control field | 20211209050833.0 |
| 008 - FIXED-LENGTH DATA ELEMENTS--GENERAL INFORMATION | |
| fixed length control field | 140316s1957 nyu 001 0 eng |
| 035 ## - SYSTEM CONTROL NUMBER | |
| System control number | (BD-RJUL)25201 |
| System control number | (OCoLC)00279926 |
| System control number | GLIS00715617 |
| 040 ## - CATALOGING SOURCE | |
| Original cataloging agency | DLC |
| Transcribing agency | CSU |
| Modifying agency | SER |
| -- | MYG |
| Language of cataloging | eng |
| 041 ## - LANGUAGE CODE | |
| Language code of text/sound track or separate title | eng |
| 082 ## - DEWEY DECIMAL CLASSIFICATION NUMBER | |
| Classification number | 947 |
| Author mark and year | WOK 1957 |
| 090 ## - LOCALLY ASSIGNED LC-TYPE CALL NUMBER (OCLC); LOCAL CALL NUMBER (OCLC) | |
| Classification number (OCLC) (R) ; Classification number, CALL (RLIN) (NR) | DK268.S8 |
| Local cutter number (OCLC) ; Book number/undivided call number, CALL (RLIN) | W6x |
| 099 ## - LOCAL FREE-TEXT CALL NUMBER (OCLC) | |
| Bangla Class number | DK268.S8.W6x |
| 100 1# - MAIN ENTRY--PERSONAL NAME | |
| Personal name | Wolfe, Bertram David, |
| Dates associated with a name | 1896-1977. |
| 9 (RLIN) | 77325 |
| 245 10 - TITLE STATEMENT | |
| Title | Khrushchev and Stalin's ghost : |
| Remainder of title | text, background, and meaning of Khrushchev's secret report to the Twentieth Congress on the night of February 24-25, 1956. / |
| Statement of responsibility, etc. | Bertram David Wolfe |
| 260 ## - PUBLICATION, DISTRIBUTION, ETC. (IMPRINT) | |
| Place of publication, distribution, etc. | New York : |
| Name of publisher, distributor, etc. | Praeger, |
| Date of publication, distribution, etc. | c1957 |
| 300 ## - PHYSICAL DESCRIPTION | |
| Pagination | 322 p. ; |
| Size | 22 cm. |
| 490 1# - SERIES STATEMENT | |
| Series statement | Books that matter |
| 504 ## - BIBLIOGRAPHY, ETC. NOTE | |
| Bibliography, etc | Includes index |
| 600 10 - SUBJECT ADDED ENTRY--PERSONAL NAME | |
| Personal name | Stalin, Joseph, |
| Dates associated with a name | 1879-1953. |
| 651 #0 - SUBJECT ADDED ENTRY--GEOGRAPHIC NAME | |
| Geographic name | Soviet Union |
| General subdivision | Politics and government |
| Chronological subdivision | 1936-1953. |
| 9 (RLIN) | 19025 |
| 700 1# - ADDED ENTRY--PERSONAL NAME | |
| Personal name | Khrushchev, Nikita Sergeevich, |
| Dates associated with a name | 1894-1971. |
| 830 #0 - SERIES ADDED ENTRY--UNIFORM TITLE | |
| Uniform title | Books that matter. |
| 942 ## - ADDED ENTRY ELEMENTS (KOHA) | |
| Source of classification or shelving scheme | Dewey Decimal Classification |
| Koha item type | Books |
| 949 ## - LOCAL PROCESSING INFORMATION (OCLC) | |
| a | MYGW |
| b | 39080009275956 |
| Lost status | Source of classification or shelving scheme | Damaged status | Not for loan | Collection code | Permanent Location | Current Location | Shelving location | Date acquired | Source of acquisition | Cost, normal purchase price | Total Checkouts | Full call number | Date last seen | Copy number | Koha item type |
|---|---|---|---|---|---|---|---|---|---|---|---|---|---|---|---|
| Dewey Decimal Classification | Added to bundle | Non-fiction | Central Library, University of Rajshahi | Central Library, University of Rajshahi | Reading Room | 05/02/1960 | M. HAQ | 0.00 | 947 WOK 1957 | 16/03/2014 | C-1 | Books |